| 000 | 00539 a2200193 4500 | ||
|---|---|---|---|
| 005 | 20260129111814.0 | ||
| 008 | 260128b |||||||| |||| 00| 0 eng d | ||
| 020 |
_a9789348491961 _cRs. 2500.00 |
||
| 040 | _aMAIN | ||
| 082 |
_a379.54 _bM278N |
||
| 100 | _aMahdi, Anjum | ||
| 245 | _aNational Education Policy 2020: Blueprint, pathway and future benefits | ||
| 260 |
_bKanishika Publication House _c2025 _aNew Delhi |
||
| 300 | _aviii, 384 | ||
| 650 | _aEducation | ||
| 650 | _aEducation Policy | ||
| 650 | _aNEP 2020 | ||
| 942 | _cBK | ||
| 999 |
_c393816 _d393816 |
||